000 00566nam a2200169 i 4500
001 62730
003 ES-MaACL
005 20230906164723.0
007 t|
008 031125s1971 sp ||||1| spa d
100 1 _aFernández-Blanco, Fernando L.
_949516
245 1 4 _aLas XXI primeras Asambleas Generales de la Unión Nacional de Tribunales Tutelares de Menores /
_cFernando L. Fernández-Blanco.
260 _a[Avila :
_bs.n.,
_c1971]
300 _a168 p. ;
_c20 cm.
650 4 _aTribunales de menores-
_zEspaña.
_9152863
852 _aES-MaACL
_jC-46999
_bR.80337
999 _c62730
_d62730